[Event "Euro Online U2300 Day 1"]
[Site "chess.com INT"]
[Date "2020.05.25"]
[Round "7"]
[White "Averyanov, Grigori"]
[Black "Dmitrenko, Viktor"]
[Result "1-0"]
[BlackTitle "IM"]
[WhiteElo "2274"]
[BlackElo "2456"]
[WhiteFideId "44150288"]
[BlackFideId "14110270"]
[EventDate "2020.05.25"]

1. d4 Nf6 2. c4 e6 3. g3 d5 4. Nf3 Bb4+ 5. Bd2 Be7 6. Bg2 O-O 7. Nc3 dxc4 8. e4
Nc6 9. Be3 b5 10. Nxb5 Rb8 11. Nc3 Rxb2 12. O-O Rb8 13. Qa4 Nb4 14. a3 Bd7 15.
Qd1 Nd3 16. Nd2 c5 17. dxc5 Nxc5 18. Nxc4 Bc6 19. Qxd8 Rfxd8 20. e5 Nd5 21. Nxd5
exd5 22. Nd6 Nb3 23. Rab1 a5 24. Rfd1 d4 25. Bxc6 dxe3 26. fxe3 Bg5 27. Kf2 Nc5
28. Rxb8 Rxb8 29. Bd5 Rb2+ 30. Kf3 Ne6 31. Rc1 h5 32. Rc8+ Kh7 33. Nxf7 1-0

[Event "Euro Online U2300 Day 1"]
[Site "chess.com INT"]
[Date "2020.05.25"]
[Round "7"]
[White "Lund, Terje"]
[Black "Medancic, Rikard"]
[Result "1-0"]
[BlackTitle "IM"]
[WhiteElo "2104"]
[BlackElo "2145"]
[WhiteFideId "1504754"]
[BlackFideId "14500531"]
[EventDate "2020.05.25"]

1. d4 Nf6 2. c4 e6 3. Nf3 Bb4+ 4. Nbd2 O-O 5. e3 d5 6. a3 Bd6 7. Be2 b6 8. O-O
Nbd7 9. b4 c5 10. bxc5 bxc5 11. Bb2 Rb8 12. Qc2 Bb7 13. cxd5 Nxd5 14. Ne4 Be7
15. Nxc5 Nxc5 16. dxc5 Qa5 17. Rfc1 Rfc8 18. Bd4 Bc6 19. Ne5 Ba4 20. Nc4 Qb5 21.
Qd2 Qd7 22. Ne5 Qc7 23. Ba6 Rd8 24. Qe2 f6 25. Nd3 e5 26. Bb2 Kh8 27. Bc4 Bc6
28. Nb4 Nxb4 29. axb4 Rxb4 30. Bc3 Rbb8 31. Ba5 Qb7 32. Bxd8 Rxd8 33. Ba6 Qa8
34. f3 f5 35. Qc2 e4 36. f4 h6 37. Rd1 Qb8 38. Rxd8+ Qxd8 39. Be2 a5 40. Rd1 Qc7
41. Qc4 a4 42. Qf7 a3 43. Bc4 Qb8 44. Qxe7 Kh7 45. Qf7 Qc8 46. Be6 Qa8 47. Bxf5+
Kh8 48. Qe7 a2 49. Rd8+ Be8 50. Qxe8# 1-0

[Event "Euro Online U2300 Day 1"]
[Site "chess.com INT"]
[Date "2020.05.25"]
[Round "7"]
[White "Fojt, Petr"]
[Black "Berke, Ana"]
[Result "0-1"]
[BlackTitle "WIM"]
[WhiteElo "2084"]
[BlackElo "2090"]
[WhiteFideId "386570"]
[BlackFideId "14510359"]
[EventDate "2020.05.25"]

1. e4 c5 2. Nf3 d6 3. d4 cxd4 4. Nxd4 Nf6 5. Nc3 Nc6 6. g3 e5 7. Nde2 Be7 8. Bg2
O-O 9. O-O Be6 10. Nd5 Rc8 11. h3 a6 12. Be3 b5 13. g4 h6 14. Qd2 Nh7 15. Ng3
Bg5 16. Nf5 Nd4 17. Bxg5 Nxg5 18. Nxd4 exd4 19. f4 Nh7 20. Rac1 Bxd5 21. exd5
Qf6 22. Rfd1 Rfe8 23. Re1 Rxe1+ 24. Rxe1 Nf8 25. Be4 Ng6 26. Bf5 Rd8 27. Bxg6
Qxg6 28. f5 Qf6 29. Re4 Rc8 30. Qe2 Kh7 31. Kg2 Rc5 32. Qd3 Rxd5 33. c3 Qg5 34.
Rxd4 Rxd4 35. cxd4 Qc1 36. f6+ g6 37. Qe2 Qf4 38. Qe7 Qd2+ 39. Kf3 Qd1+ 40. Ke4
Qh1+ 41. Kd3 Qxh3+ 42. Kc2 Qg2+ 43. Kb3 Qd5+ 44. Ka3 Qe6 45. Kb4 h5 46. g5 Qc4+
47. Ka5 Qa4+ 48. Kb6 Qxd4+ 49. Kc7 Qc4+ 50. Kd8 Qd5 51. Ke8 Qa8+ 52. Kxf7 Qg8# 0-1

[Event "Euro Online U2300 Day 1"]
[Site "chess.com INT"]
[Date "2020.05.25"]
[Round "7"]
[White "Levin, Guy"]
[Black "Stefan, Romulus-Cristian"]
[Result "1-0"]
[BlackTitle "CM"]
[WhiteElo "2213"]
[BlackElo "2151"]
[WhiteFideId "2824213"]
[BlackFideId "1232835"]
[EventDate "2020.05.25"]

1. c4 Nf6 2. Nf3 g6 3. g3 Bg7 4. Bg2 O-O 5. O-O d6 6. d4 c6 7. Nc3 Qa5 8. e4 e5
9. h3 Nbd7 10. Be3 exd4 11. Bxd4 Nb6 12. Nd2 Qh5 13. Qxh5 Nxh5 14. Bxg7 Kxg7 15.
Rad1 Be6 16. b3 a5 17. Kh2 a4 18. Ra1 Rfd8 19. Rfb1 Rd7 20. f4 d5 21. exd5 cxd5
22. c5 Rc8 23. b4 f5 24. Nb5 Nc4 25. Nxc4 dxc4 26. Nd6 Rb8 27. Re1 Kf6 28. Re2
b6 29. Rae1 Ng7 30. g4 fxg4 31. Ne4+ Kf5 32. Ng5 Bg8 33. hxg4+ Kxf4 34. Nh3+
Kxg4 35. Re4+ Kf5 36. Rf4# 1-0

[Event "Euro Online U2300 Day 1"]
[Site "chess.com INT"]
[Date "2020.05.25"]
[Round "7"]
[White "Materia, Marco"]
[Black "Gavilan Diaz, Mario"]
[Result "1/2-1/2"]
[WhiteTitle "FM"]
[BlackTitle "FM"]
[WhiteElo "2269"]
[BlackElo "2278"]
[WhiteFideId "45150451"]
[BlackFideId "2260905"]
[EventDate "2020.05.25"]

1. d4 Nf6 2. c4 c5 3. d5 e6 4. Nc3 exd5 5. cxd5 d6 6. Nf3 g6 7. Nd2 Bg7 8. e4
O-O 9. Be2 a6 10. a4 Re8 11. O-O Nbd7 12. f4 c4 13. Kh1 Nc5 14. e5 dxe5 15. fxe5
Rxe5 16. Nxc4 Re8 17. Bg5 h6 18. Bh4 g5 19. Bf2 Nfe4 20. Nxe4 Nxe4 21. Bg1 Bd7
22. Nb6 Rb8 23. Nxd7 Qxd7 24. Ra3 Bxb2 25. Re3 Nc3 26. Qc2 Nxe2 27. Qxe2 Rxe3
28. Bxe3 Re8 29. Qd2 Bg7 30. a5 Be5 31. Bb6 Qd6 32. h3 Bf4 33. Qd4 Re5 34. Rd1
Qe7 35. Qc3 Re2 36. Qc8+ Kh7 37. Qf5+ Kg8 38. Qc8+ Kh7 39. Qf5+ Kg8 40. Qc8+ 1/2-1/2

[Event "Euro Online U2300 Day 1"]
[Site "chess.com INT"]
[Date "2020.05.25"]
[Round "7"]
[White "Radosevic, Nenad"]
[Black "Le Goff, Ronan"]
[Result "1-0"]
[BlackTitle "FM"]
[WhiteElo "2157"]
[BlackElo "2267"]
[WhiteFideId "906395"]
[BlackFideId "612073"]
[EventDate "2020.05.25"]

1. d4 d5 2. Nf3 Nf6 3. c4 e6 4. Nc3 Be7 5. Bg5 Nbd7 6. e3 h6 7. Bxf6 Nxf6 8. Be2
O-O 9. O-O b6 10. Rc1 Bb7 11. Ne5 dxc4 12. Bxc4 c5 13. dxc5 bxc5 14. Qb3 Qb6 15.
Rfd1 Rfd8 16. Na4 Qxb3 17. Bxb3 Ne4 18. Nc4 Rxd1+ 19. Rxd1 Bd5 20. f3 Bxc4 21.
Bxc4 Nd6 22. Bb3 c4 23. Bc2 Rd8 24. Kf2 Kf8 25. Ke2 Bf6 26. e4 g5 27. g3 Ke7 28.
f4 gxf4 29. gxf4 e5 30. Rd5 Rg8 31. fxe5 Rg2+ 32. Kf3 Rxc2 33. exf6+ Ke6 34.
Nc5+ Kxf6 35. Rxd6+ Ke7 36. Rxh6 Rxb2 37. Ra6 Rxh2 38. Ke3 c3 39. Kd3 c2 40. Nb3
Rg2 41. Rxa7+ Ke6 42. Rc7 Ke5 43. Rc5+ Kf4 44. Rf5+ Kg4 45. Rxf7 1-0

[Event "Euro Online U2300 Day 1"]
[Site "chess.com INT"]
[Date "2020.05.25"]
[Round "7"]
[White "Tobak, Mikhail"]
[Black "Selbes, Tarik"]
[Result "1-0"]
[BlackTitle "FM"]
[WhiteElo "2067"]
[BlackElo "2235"]
[WhiteFideId "14165570"]
[BlackFideId "6302513"]
[EventDate "2020.05.25"]

1. e4 e5 2. Nf3 Nc6 3. Nc3 Nf6 4. a3 d5 5. Bb5 Nxe4 6. Nxe5 Qg5 7. Nxc6 Qxg2 8.
Rf1 a6 9. Ba4 Bh3 10. Qe2 bxc6 11. Bxc6+ Kd8 12. Nxe4 dxe4 13. Bxa8 Bc5 14. Bxe4
Qxh2 15. Rh1 Qe5 16. Rxh3 Re8 17. Rd3+ Kc8 18. Bf5+ Kb7 19. Rb3+ Ka7 20. Qxe5
Rxe5+ 21. Kf1 Rxf5 22. d4 Bxd4 23. Be3 Bxe3 24. Rxe3 h5 25. Re7 Kb6 26. Rd1 g5
27. Rdd7 f6 28. Rxc7 g4 29. Rc3 h4 30. Kg2 Rf4 31. Rh7 h3+ 32. Kg3 Rd4 33. f3 f5
34. fxg4 fxg4 35. Rd3 Rc4 36. c3 Re4 37. Rh4 Re2 38. Kxg4 h2 39. Rdh3 Rxb2 40.
Rxh2 Rb3 41. Rh6+ Kb5 42. R2h5+ Kc4 43. Rxa6 Kxc3 44. Rh3+ 1-0

[Event "Euro Online U2300 Day 1"]
[Site "chess.com INT"]
[Date "2020.05.25"]
[Round "7"]
[White "Skliarov, Viktor"]
[Black "Hansen, Carsten"]
[Result "1-0"]
[WhiteTitle "IM"]
[BlackTitle "FM"]
[WhiteElo "2376"]
[BlackElo "2270"]
[WhiteFideId "14106736"]
[BlackFideId "1400444"]
[EventDate "2020.05.25"]

1. e4 c5 2. Nf3 Nc6 3. Bb5 g6 4. O-O Bg7 5. Re1 Nf6 6. e5 Nd5 7. Nc3 Nc7 8. Bxc6
dxc6 9. Ne4 b6 10. Nf6+ Kf8 11. Ne4 Bg4 12. d3 Bxe5 13. Nxe5 Bxd1 14. Bh6+ Kg8
15. Nxc6 Bxc2 16. Nxd8 Rxd8 17. Nxc5 bxc5 18. Rxe7 Ne6 19. Rc1 Bxd3 20. Rd1 c4
21. b3 Rb8 22. bxc4 Bxc4 23. h4 Ng7 24. Rb7 Re8 25. g4 Bxa2 26. Rxa7 Bb3 27.
Rdd7 Be6 28. Rd4 Rc8 29. Rc7 Re8 30. f3 Kf8 31. Ra4 Rg8 32. Raa7 Rb8 33. Kf2 Ke8
34. Re7+ Kf8 35. Kg3 Re8 36. Rxe8+ Kxe8 37. Ra8+ Kd7 38. Rxg8 Ne8 39. Rh8 Nf6
40. Bg5 Nd5 41. Rxh7 Kd6 42. Rh8 1-0

[Event "Euro Online U2300 Day 1"]
[Site "chess.com INT"]
[Date "2020.05.25"]
[Round "7"]
[White "Zasukhin, Vadim"]
[Black "Narva, Mai"]
[Result "1-0"]
[BlackTitle "WIM"]
[WhiteElo "2274"]
[BlackElo "2333"]
[WhiteFideId "4123450"]
[BlackFideId "4500512"]
[EventDate "2020.05.25"]

1. c4 e5 2. g3 Nf6 3. Bg2 c6 4. d4 e4 5. Nc3 d5 6. Bg5 Be7 7. cxd5 cxd5 8. Qb3
Nc6 9. Bxf6 Bxf6 10. e3 Ne7 11. Nge2 b6 12. Nf4 Bb7 13. Nh5 Qd6 14. Nb5 Qd7 15.
Nxf6+ gxf6 16. Rc1 Bc6 17. a4 a6 18. Nc3 b5 19. axb5 axb5 20. O-O O-O 21. Na2
Qd6 22. Rc5 Bd7 23. Nb4 Be6 24. Rfc1 Rfc8 25. Bf1 Qb6 26. Rxc8+ Rxc8 27. Rxc8+
Nxc8 28. Nxd5 Qd8 29. Nxf6+ Qxf6 30. Qxb5 Nd6 31. Qb8+ Bc8 32. b4 Kg7 33. b5 Qe7
34. Qb6 Be6 35. Qc5 Qd7 36. b6 f6 37. Ba6 Nb7 38. Qb4 Bh3 39. Bf1 Bxf1 40. Kxf1
Qd6 41. Qb5 Kf7 42. h4 Ke7 43. g4 h6 44. Qf5 Qxb6 45. Qxe4+ Kd8 46. Qg6 Qe6 47.
Qxh6 Nd6 48. g5 Qh3+ 49. Ke1 Ne4 50. Qh8+ Ke7 51. Qh7+ Kd6 52. Qxe4 fxg5 53.
Qe5+ Kd7 54. hxg5 Qh1+ 55. Kd2 Qb1 56. d5 1-0

[Event "Euro Online U2300 Day 1"]
[Site "chess.com INT"]
[Date "2020.05.25"]
[Round "7"]
[White "Toczek, Grzegorz"]
[Black "Mkrtchyan, Mariam"]
[Result "1-0"]
[WhiteTitle "FM"]
[BlackTitle "WFM"]
[WhiteElo "2271"]
[BlackElo "2071"]
[WhiteFideId "1106457"]
[BlackFideId "13310828"]
[EventDate "2020.05.25"]

1. e4 c6 2. d4 d5 3. Nd2 dxe4 4. Nxe4 Nf6 5. Nxf6+ exf6 6. c3 Bd6 7. Bd3 O-O 8.
Qc2 Re8+ 9. Ne2 h6 10. O-O Qc7 11. h3 Nd7 12. c4 Nf8 13. Be3 Be6 14. b3 Rad8 15.
Rfd1 Bc8 16. d5 c5 17. Nc3 a6 18. Ne4 Nd7 19. Nxd6 Qxd6 20. Be2 b6 21. a3 Ne5
22. b4 f5 23. bxc5 bxc5 24. Qc3 g5 25. Qa5 Nd7 26. Bh5 f4 27. Bc1 Ne5 28. Qc3
Bf5 29. Bb2 Re7 30. Re1 f6 31. Rad1 Rdd7 32. Re2 Kg7 33. Rde1 Nd3 34. Re6 Qe5
35. R1xe5 Nxe5 36. Rxe7+ Rxe7 37. Qb3 Nd3 38. Qb6 Re1+ 39. Kh2 Nxf2 40. Qxf6+
Kg8 41. Qh8# 1-0

[Event "Euro Online U2300 Day 1"]
[Site "chess.com INT"]
[Date "2020.05.25"]
[Round "7"]
[White "Kacprzak, Kacper"]
[Black "Abozenko, Georg"]
[Result "1-0"]
[WhiteElo "1977"]
[BlackElo "2058"]
[WhiteFideId "21819319"]
[BlackFideId "4500210"]
[EventDate "2020.05.25"]

1. e4 d5 2. exd5 Nf6 3. d4 Nxd5 4. c4 Nb6 5. Nc3 e5 6. Nf3 Bg4 7. d5 Bb4 8. Bd2
O-O 9. h3 Bh5 10. g4 Bg6 11. h4 h5 12. Ng5 c6 13. gxh5 Bf5 14. Qf3 Qd7 15. Bh3
Bxh3 16. Rxh3 cxd5 17. cxd5 Bxc3 18. Bxc3 e4 19. Qg2 Nxd5 20. O-O-O f6 21. h6
Nf4 22. Rxd7 Nxd7 23. Qg4 Nxh3 24. Nxh3 1-0

[Event "Euro Online U2300 Day 1"]
[Site "chess.com INT"]
[Date "2020.05.25"]
[Round "7"]
[White "Patrelakis, Evaggelos"]
[Black "Yordanov, Lachezar"]
[Result "0-1"]
[BlackTitle "FM"]
[WhiteElo "2259"]
[BlackElo "2307"]
[WhiteFideId "4295102"]
[BlackFideId "2918927"]
[EventDate "2020.05.25"]

1. e4 c5 2. Nf3 Nc6 3. d4 cxd4 4. Nxd4 Qb6 5. Nb3 Nf6 6. Nc3 e6 7. Bd3 a6 8. O-O
Qc7 9. f4 d6 10. Qf3 Be7 11. Bd2 b5 12. e5 Nd7 13. exd6 Bxd6 14. Kh1 Bb7 15. Ne4
Be7 16. Bc3 O-O 17. Qg4 g6 18. Ng5 b4 19. Bd2 Bf6 20. Rae1 Bg7 21. Qh3 h6 22.
Nxe6 fxe6 23. Qxe6+ Kh8 24. Qxg6 Nf6 25. Nc5 Qf7 26. Qg3 Rae8 27. Bg6 Rxe1 28.
Rxe1 Qd5 29. Be3 Ba8 30. Bd3 Ne7 31. Qh3 Qh5 32. Qxh5 Nxh5 33. Ne6 Rc8 34. Kg1
Bxb2 35. g4 Nf6 36. g5 hxg5 37. fxg5 Ng4 38. Bf4 Bc3 39. Rf1 Nd5 40. h3 Nxf4 41.
Rxf4 Ne5 42. Bf5 Rc4 43. Rf1 Nf3+ 44. Kf2 Nd4 45. Nxd4 Rxd4 46. Ke3 Kg7 47. g6
Rd6 48. h4 Bc6 49. h5 Bb5 50. Rf3 Bc4 51. Bd3 Re6+ 52. Kf2 Bxd3 53. Rxd3 Kh6 54.
Rd7 Kxh5 55. g7 Rg6 56. Rd5+ Kh4 57. Rd8 Rxg7 58. Ke2 Rg2+ 59. Kd3 Rd2+ 0-1

[Event "Euro Online U2300 Day 1"]
[Site "chess.com INT"]
[Date "2020.05.25"]
[Round "7"]
[White "Berkovich, Mark A"]
[Black "Belaska, Premysl"]
[Result "1-0"]
[WhiteTitle "IM"]
[WhiteElo "2326"]
[BlackElo "2224"]
[WhiteFideId "2801639"]
[BlackFideId "300896"]
[EventDate "2020.05.25"]

1. Nf3 c5 2. g3 Nc6 3. Bg2 g6 4. c3 Bg7 5. d4 cxd4 6. cxd4 d5 7. Nc3 Nf6 8. O-O
O-O 9. Ne5 e6 10. Nxc6 bxc6 11. Bf4 Nh5 12. Be3 f5 13. Qd2 Qd6 14. Bh6 f4 15.
Bxg7 Kxg7 16. Bf3 Bd7 17. e3 fxg3 18. fxg3 Nf6 19. e4 dxe4 20. Nxe4 Nxe4 21.
Bxe4 Rxf1+ 22. Rxf1 e5 23. Rd1 exd4 24. Qxd4+ Qxd4+ 25. Rxd4 Be8 26. Kf2 Rb8 27.
b3 c5 28. Rc4 Rb4 29. Rxb4 cxb4 30. Ke3 a5 31. Kd4 Kf6 32. Kc5 Ke5 33. Bc6 Bxc6
34. Kxc6 Kd4 35. Kb5 Ke3 36. Kxa5 Kf2 37. Kxb4 Kg2 38. a4 Kxh2 39. a5 Kxg3 40.
a6 h5 41. a7 h4 42. a8=Q h3 43. Qb8+ Kg2 44. Qb7+ Kg1 45. Qf3 h2 46. Qg3+ Kh1
47. Qf3+ Kg1 48. Qg4+ Kh1 49. Qe4+ Kg1 50. Qxg6+ Kh1 51. Qh5 Kg1 52. Qxh2+ Kxh2
53. Kc5 1-0

[Event "Euro Online U2300 Day 1"]
[Site "chess.com INT"]
[Date "2020.05.25"]
[Round "7"]
[White "Gabriel, Robert"]
[Black "Salna, Aleksandras"]
[Result "0-1"]
[WhiteTitle "FM"]
[WhiteElo "2236"]
[BlackElo "2063"]
[WhiteFideId "4606477"]
[BlackFideId "12807575"]
[EventDate "2020.05.25"]

1. d4 d5 2. Nf3 Nf6 3. c4 c6 4. e3 e6 5. Nbd2 Nbd7 6. Bd3 b6 7. O-O Bb7 8. e4
dxe4 9. Nxe4 c5 10. Qe2 cxd4 11. Nxd4 Nc5 12. Nxc5 Bxc5 13. Nf3 O-O 14. Rd1 Qc7
15. h3 h6 16. Be3 Rad8 17. a3 a5 18. b3 Nh5 19. Bc2 Nf4 20. Bxf4 Qxf4 21. Qe5
Qxe5 22. Nxe5 Bd4 23. Rxd4 Rxd4 24. Re1 Rfd8 25. Re3 Rd2 26. Be4 Bxe4 27. Rxe4
Rb2 28. Re3 Rd1+ 29. Kh2 Rxf2 30. b4 Rdd2 31. Rg3 Rc2 32. Ng4 Rf4 33. bxa5 bxa5
34. Nxh6+ Kf8 35. Ng4 Rfxc4 36. Ne5 R4c3 37. Rg4 f6 38. Ng6+ Kf7 39. Nh8+ Kg8
40. Ng6 Rc4 41. Rg3 R2c3 0-1

[Event "Euro Online U2300 Day 1"]
[Site "chess.com INT"]
[Date "2020.05.25"]
[Round "7"]
[White "Safin, Robert"]
[Black "Deuer, Marius"]
[Result "0-1"]
[WhiteTitle "FM"]
[WhiteElo "2287"]
[BlackElo "2122"]
[WhiteFideId "34189120"]
[BlackFideId "16236432"]
[EventDate "2020.05.25"]

1. d4 Nf6 2. Nf3 e6 3. g3 Be7 4. Bg2 O-O 5. O-O b6 6. c4 Bb7 7. Nc3 d5 8. Ne5
Nbd7 9. Nd3 c5 10. cxd5 cxd4 11. Nb5 Nxd5 12. Nxd4 Nc5 13. Nxc5 bxc5 14. Nb3 c4
15. Nd4 Rc8 16. Bd2 Bf6 17. Bc3 Nxc3 18. bxc3 Bxg2 19. Kxg2 Qd5+ 20. f3 Rfd8 21.
e3 Qa5 22. Qc2 e5 23. Ne2 Rd3 24. e4 Bg5 25. Rad1 Rcd8 26. f4 Bf6 27. Nc1 Rxd1
28. Rxd1 Rxd1 29. Qxd1 Qxc3 30. Kf2 Qd4+ 31. Qxd4 exd4 32. e5 Be7 33. Kf3 d3 34.
a4 d2 35. Ne2 d1=Q 36. a5 c3 37. a6 c2 38. e6 c1=Q 39. exf7+ Kxf7 40. f5 Bc5 41.
f6 Qe3+ 42. Kg4 Qdxe2+ 43. Kh3 Qh5+ 44. Kg2 Qee2+ 45. Kh1 Qhxh2# 0-1

[Event "Euro Online U2300 Day 1"]
[Site "chess.com INT"]
[Date "2020.05.25"]
[Round "7"]
[White "Santos, Luis"]
[Black "Pogorelov, Igor"]
[Result "1-0"]
[WhiteTitle "IM"]
[WhiteElo "2269"]
[BlackElo "2129"]
[WhiteFideId "1900056"]
[BlackFideId "14113279"]
[EventDate "2020.05.25"]

1. c4 Nc6 2. d4 d5 3. cxd5 Qxd5 4. Nf3 e5 5. Nc3 Bb4 6. e3 exd4 7. exd4 Bg4 8.
Be2 Nf6 9. O-O Qd7 10. d5 Bxf3 11. Bxf3 Ne7 12. Bg5 Bxc3 13. bxc3 Nfxd5 14. Bxe7
Nxe7 15. Qxd7+ Kxd7 16. Bxb7 Rad8 17. Bf3 c6 18. Rab1 Kc7 19. Rfe1 Rhe8 20. Kf1
Nd5 21. c4 Nc3 22. Rb3 Rxe1+ 23. Kxe1 Nxa2 24. Ra3 Nb4 25. Rxa7+ Kb6 26. Rxf7
Nc2+ 27. Ke2 Nd4+ 28. Ke3 Kc5 29. Be4 Re8 30. g4 Kxc4 31. f3 g5 32. Rxh7 c5 33.
h4 gxh4 34. g5 Nf5+ 35. Kf4 Nd6 36. Rxh4 Nxe4 37. fxe4 Kd4 38. Kf5 c4 39. e5+
Kd5 40. e6 c3 41. Rh3 Rf8+ 42. Kg6 c2 43. Rc3 1-0

[Event "Euro Online U2300 Day 1"]
[Site "chess.com INT"]
[Date "2020.05.25"]
[Round "7"]
[White "Sudakova, Irina"]
[Black "Lebedev, Mikhail S."]
[Result "1-0"]
[WhiteTitle "WGM"]
[WhiteElo "2288"]
[BlackElo "2131"]
[WhiteFideId "4129903"]
[BlackFideId "24130303"]
[EventDate "2020.05.25"]

1. e4 c5 2. Ne2 Nc6 3. g3 Nf6 4. Bg2 e5 5. O-O Be7 6. c3 O-O 7. d4 d6 8. h3 Qc7
9. d5 Nb8 10. c4 Ne8 11. Nbc3 f5 12. f4 Bf6 13. exf5 Bxf5 14. g4 Bc8 15. f5 h6
16. Ng3 Qe7 17. Nge4 Na6 18. Be3 Bd7 19. Qd2 Rb8 20. a4 Nb4 21. Nxd6 Qxd6 22.
Ne4 Qc7 23. Bxc5 a5 24. Bxf8 Kxf8 25. c5 Qd8 26. b3 Kg8 27. Rad1 Bh4 28. Kh2 Nf6
29. c6 Be8 30. Qc3 Rc8 31. Qxe5 Nxe4 32. Qxe4 Bf6 33. cxb7 Rb8 34. d6 Bd7 35.
Qc4+ Kh7 36. Qc7 Be5+ 37. Kh1 Qh4 38. f6 Rg8 39. b8=Q Rxb8 40. Be4+ Kg8 41.
Qxb8+ Kf7 42. fxg7+ Ke6 43. g8=Q# 1-0

[Event "Euro Online U2300 Day 1"]
[Site "chess.com INT"]
[Date "2020.05.25"]
[Round "7"]
[White "Asgeirsson, Heimir"]
[Black "Gavriilidis, Georgios"]
[Result "0-1"]
[WhiteElo "2204"]
[BlackElo "2134"]
[WhiteFideId "2301083"]
[BlackFideId "4206894"]
[EventDate "2020.05.25"]

1. d4 g6 2. c4 Bg7 3. Nc3 c5 4. e3 Nf6 5. Nf3 O-O 6. Be2 cxd4 7. exd4 b6 8. d5
d6 9. h3 a6 10. O-O Qc7 11. Bf4 Nbd7 12. Rc1 Nc5 13. Qc2 Bf5 14. Qd2 Nfe4 15.
Nxe4 Nxe4 16. Qb4 a5 17. Qa3 Qc5 18. Qxc5 bxc5 19. b3 a4 20. g4 Bd7 21. Bd3 Nf6
22. Rb1 axb3 23. axb3 Rfb8 24. Rfe1 Kf8 25. Bc2 h6 26. Bd2 Ra2 27. Bd1 h5 28. g5
Ne8 29. Kg2 Bf5 30. Rc1 Bb2 31. Re3 Bxc1 32. Bxc1 Nc7 33. Nh4 Bc2 34. Bxc2 Rxc2
35. Ba3 Ra8 36. b4 Ra2 37. Bc1 cxb4 38. Rb3 R8a4 39. Be3 Na6 40. Kg3 Nc5 41. Rb1
Ra1 42. Rb2 R4a2 43. Rxb4 Ne4+ 44. Kf3 Nxf2 45. Bd4 e5 46. dxe6 Rf1 47. Ke3 Nd1+
48. Kd3 fxe6 49. Rb8+ Ke7 50. Nxg6+ Kd7 51. Rb7+ Kc6 52. Rb6+ Kc7 53. Rb5 e5 54.
Bb6+ Kd7 55. Rd5 Nb2+ 56. Kc3 Rf3+ 57. Kc2 Nxc4+ 58. Kb1 Rb2+ 59. Kc1 Rf1+ 60.
Rd1 Rxd1+ 61. Kxd1 Rxb6 62. Nh4 Ke7 63. Ke2 d5 64. Kd3 Rb3+ 65. Ke2 Rxh3 66.
Nf5+ Ke6 0-1

[Event "Euro Online U2300 Day 1"]
[Site "chess.com INT"]
[Date "2020.05.25"]
[Round "7"]
[White "Golovanj, Yaroslav"]
[Black "Romashov, Anton"]
[Result "0-1"]
[WhiteElo "2013"]
[BlackElo "2070"]
[WhiteFideId "14113791"]
[BlackFideId "14116758"]
[EventDate "2020.05.25"]

1. e4 c5 2. Nf3 Nc6 3. a3 g6 4. d4 cxd4 5. Nxd4 Bg7 6. Be3 Nf6 7. Nc3 O-O 8. Bc4
Ng4 9. Nxc6 Nxe3 10. Nxd8 Nxd1 11. Rxd1 Rxd8 12. Nd5 e6 13. Ne3 Bxb2 14. a4 b6
15. O-O Bb7 16. f3 Rac8 17. Bb3 Ba6 18. Rf2 h5 19. Rfd2 Rc7 20. f4 Bc3 21. Rd6
Bb4 22. e5 Rc3 23. Nf1 Bc5+ 24. Kh1 Bxd6 25. exd6 Bxf1 26. Rxf1 Rdc8 27. Rd1
R8c6 28. a5 b5 29. Kg1 Ra6 30. Kf2 Rcc6 31. h3 Rxd6 32. Rf1 Rxa5 33. g4 hxg4 34.
hxg4 Kg7 35. Kg3 Raa6 36. f5 exf5 37. gxf5 Rf6 38. Kg4 Rxf5 39. Re1 Rd6 40. Ra1
a6 41. Re1 Rd4+ 42. Kg3 a5 43. Re8 a4 44. c3 Rd3+ 45. Kg4 axb3 46. c4 bxc4 47.
Re4 Rfd5 48. Rxc4 R5d4+ 49. Rxd4 Rxd4+ 50. Kg5 f6# 0-1

[Event "Euro Online U2300 Day 1"]
[Site "chess.com INT"]
[Date "2020.05.25"]
[Round "7"]
[White "Werle, Iozefina"]
[Black "Svicevic, Rastko"]
[Result "0-1"]
[WhiteTitle "WGM"]
[BlackTitle "FM"]
[WhiteElo "2300"]
[BlackElo "2215"]
[WhiteFideId "1213261"]
[BlackFideId "916315"]
[EventDate "2020.05.25"]

1. e4 c5 2. Nf3 Nc6 3. Bb5 d6 4. O-O Bd7 5. c3 Nf6 6. Re1 a6 7. Bf1 Bg4 8. h3
Bxf3 9. Qxf3 e6 10. d3 Be7 11. g3 O-O 12. Bg2 Rc8 13. Nd2 b5 14. Nf1 b4 15. g4
bxc3 16. bxc3 d5 17. Qg3 dxe4 18. dxe4 Qa5 19. h4 Rfd8 20. Nh2 Nd4 21. g5 Nh5
22. Qg4 Nc2 23. Qxh5 Nxe1 24. Bb2 Nxg2 25. Kxg2 Qb5 26. Rb1 Qd3 27. Re1 c4 28.
Ng4 Qd2 29. Re2 Qf4 30. Re3 Rd3 31. Bc1 Rxe3 32. Bxe3 Qxe4+ 33. f3 Qg6 34. Qxg6
hxg6 35. Kf1 Bc5 36. Ke2 Bxe3 37. Kxe3 Kf8 38. Ne5 Ke7 39. Kd4 Rh8 40. Kxc4
Rxh4+ 41. Kc5 Ra4 42. Nc6+ Kd7 43. Ne5+ Ke8 44. c4 Rxa2 45. Kd6 Rd2+ 46. Kc6 a5
47. c5 a4 48. Nc4 Rc2 49. Kb5 f6 50. c6 Rxc4 51. Kxc4 Kd8 52. Kb4 Kc7 53. Kxa4
Kxc6 54. Kb3 Kd5 55. Kc3 Ke5 56. Kd3 Kf4 0-1

[Event "Euro Online U2300 Day 1"]
[Site "chess.com INT"]
[Date "2020.05.25"]
[Round "7"]
[White "Berdnyk, Mariia"]
[Black "Bruil, Rembrandt"]
[Result "1-0"]
[WhiteTitle "FM"]
[BlackTitle "CM"]
[WhiteElo "2324"]
[BlackElo "2105"]
[WhiteFideId "14137054"]
[BlackFideId "1053590"]
[EventDate "2020.05.25"]

1. c4 g6 2. Nc3 Bg7 3. g3 d6 4. Bg2 c6 5. Nf3 Nf6 6. O-O O-O 7. d3 e5 8. Rb1 a5
9. a3 Nbd7 10. b4 Qe7 11. Nd2 axb4 12. axb4 Re8 13. b5 c5 14. Bb2 Nb6 15. Qc2
Be6 16. Ra1 d5 17. cxd5 Nfxd5 18. Nxd5 Bxd5 19. Rxa8 Rxa8 20. Bxd5 Nxd5 21. Ra1
Rxa1+ 22. Bxa1 Nc7 23. b6 Nd5 24. Ne4 Bf8 25. Qb3 Nb4 26. Bc3 Qe6 27. Qxe6 fxe6
28. Bxe5 Nd5 29. Bc7 Kf7 30. Bd6 Nxb6 31. Ng5+ Ke8 32. Bxf8 Nd7 33. Bd6 b5 34.
Nxe6 b4 35. Nxc5 Nf6 36. Be5 Nd5 37. e4 Nb6 38. Kf1 Ke7 39. Ke2 g5 40. h3 Kf7
41. Kd2 Nc8 42. d4 Ne7 43. d5 Ng6 44. Bd4 h5 45. e5 h4 46. e6+ Ke8 47. gxh4 Nxh4
48. d6 Nf5 49. d7+ Ke7 50. Bf6+ Kxf6 51. d8=Q+ Ke5 52. e7 b3 53. e8=Q+ Kf4 54.
Qc7+ Kf3 55. Qe4+ Kxf2 56. Qxf5+ Kg2 57. Qg4+ 1-0